Kontenrahmen fur Forstbetriebe : Accounting systems for forestry enterprises = Plans comptables pour entreprises forestieres /

Bibliographic Details
Corporate Author: International Union of Forestry Research Organizations. Section 31. Working Group on Forest Accounting
Format: Book
Language:German
English
French
Published: Munchen : [publisher not identified], 1966.
Subjects:

MARC

Tag First Indicator Second Indicator Subfields
LEADER 00000cam a2200000 a 4500
001 in00000088012
005 20151008064948.0
008 810619s1966 gw 00010 germ
010 |a  79432020  
035 |a (OCoLC)07515638 
035 |9 AAK5111AM 
040 |a DLC  |c MNP  |d TXA  |d UtOrBLW 
041 0 |a ger  |a eng  |a fre 
049 |a TXAM  |c [933295] 
050 0 0 |a HF5686  |b .F62 
110 2 |a International Union of Forestry Research Organizations.  |b Section 31.  |b Working Group on Forest Accounting. 
245 1 0 |a Kontenrahmen fur Forstbetriebe :  |b Accounting systems for forestry enterprises = Plans comptables pour entreprises forestieres /  |c [J. Speer]. 
246 3 1 |a Plans comptables pour entreprises forestieres  
264 1 |a Munchen :  |b [publisher not identified],  |c 1966. 
300 |a 116 pages ;  |c 24 cm. 
336 |a text  |b txt  |2 rdacontent 
337 |a unmediated  |b n  |2 rdamedia 
338 |a volume  |b nc  |2 rdacarrier 
500 |a Proposals of the International Union of Forestry Research Organizations, Section 31, Working group on Forest Accounting. 
650 0 |a Forests and forestry  |x Accounting. 
740 0 |a Accounting systems for forestry enterprises. 
740 0 |a Plans comptables pour entreprises forestieres. 
999 |a MARS 
999 f f |s 1d590fd1-1385-3691-afde-cf9ec79994fd  |i 1947fc73-d832-3add-91ff-76652727c5f1  |t 0 
952 f f |p ric  |a Texas A&M University  |b Rellis Campus  |c Joint Library Facility  |d Remote Storage  |t 0  |e HF5686 .F62  |h Library of Congress classification  |i unmediated -- volume  |m A14806136327 
998 f f |a HF5686 .F62  |t 0  |l Remote Storage